Statistics for Top 25 Montreal Canadiens points leaders of all time

Click here to take the quiz!

General Stats

  • This quiz has been taken 703 times
  • The average score is 14 of 25

Answer Stats

HintAnswer% Correct
962 GP, 1246 PtsGuy Lafleur
97%
1259 GP, 1046 PtsHenri Richard
97%
978 GP, 965 PtsMaurice "Rocket" Richard
96%
1125 GP, 1219 PtsJean Beliveau
90%
1202 GP, 883 PtsLarry Robinson
76%
792 GP, 641 PtsSaku Koivu
72%
968 GP, 863 PtsYvan Cournoyer
65%
766 GP, 759 PtsBernard "Boom-Boom" Geoffrion
61%
* 982 GP, 568 PtsAndrei Markov
58%
1160 GP, 502 PtsBob Gainey
57%
871 GP, 776 PtsSteve Shutt
54%
777 GP, 572 PtsGuy Lapointe
53%
519 GP, 498 PtsVincent Damphousse
53%
912 GP, 547 PtsGuy Carbonneau
52%
* 913 GP, 578 PtsTomas Plekanec
51%
853 GP, 835 PtsJacques Lemaire
50%
569 GP, 527 PtsHector "Toe" Blake
47%
664 GP, 623 PtsElmer Lach
45%
654 GP, 594 PtsDickie Moore
41%
617 GP, 612 PtsMats Naslund
41%
852 GP, 584 PtsMario Tremblay
36%
581 GP, 569 PtsPete Mahovlich
36%
1005 GP, 589 PtsClaude Provost
15%
643 GP, 522 PtsBobby Rousseau
10%
844 GP, 502 PtsRalph Backstrom
10%

Score Distribution

Percentile by Number Answered

Percent of People with Each Score

Your Score History

You have not taken this quiz